Arithmetik und Algebra : Aufgaben
Saved in:
| Main Author: | |
|---|---|
| Format: | Book |
| Language: | German |
| Published: |
Basel :
Birkhauser,
1959.
|
| Subjects: | |
| Tags: |
Add Tag
No Tags, Be the first to tag this record!
|
MARC
| LEADER | 00000cam a2200000 a 4500 | ||
|---|---|---|---|
| 001 | 1/120567 | ||
| 008 | 200108r1959####sz | ||| |||| ||ger|| | ||
| 040 | |a GR-MyUa |b gre |c GR-MyUa |e AACR2 | ||
| 041 | 0 | |a ger | |
| 082 | 7 | |2 (23) | |
| 100 | 1 | |a Locher-Ernst, Louis |d 1906-1962. | |
| 245 | 1 | 0 | |a Arithmetik und Algebra : |b Aufgaben / |c L. Locher - Ernst. |
| 260 | |a Basel : |b Birkhauser, |c 1959. | ||
| 300 | |a 72 σ. ; |c 21 εκ. | ||
| 650 | 0 | |a Algebra | |
| 650 | 0 | |a Arithmetic | |
| 852 | |a INST |b SAMOS |c MAG |e 20200108 |h 513.12 |p 005300035595 |q 005300035595 |t BK |y 0 | ||
| 920 | |a Μάγειρας |b Παναγιώτης |y Σάμος |z 2008-09 | ||
| 970 | |a Γουβάλα |b Βάσω |z 08-01-2020 | ||